Heavy metals in the air and their adverse effects on human being health; The 7th International Forum on Strategic Technology (IFOST-2012), September 18-21, 2012, Tomsk

Bibliographic Details
Parent link:The 7th International Forum on Strategic Technology (IFOST-2012), September 18-21, 2012, Tomsk.— 2012.— [4 p.]
Other Authors: Osipova N. A. Nina Aleksandrovna, Yankovich E. P. Elena Petrovna, Yazikov Y. G. Yegor (Egor) Grigoryevich, Talovskaya A. V. Anna Valerievna
Summary:Title screen
Spatial distribution analysis of environmental health risk in the Tomsk area was performed. Risk estimation was done according to standard methodology on the basis of geochemical data from the snow cover of the area. The city territory was divided into areas with different levels of ecological damage and human health risk values. The city territory was ranked in accordance to risk level from exposure of trace elements contained in atmospheric dust
Режим доступа: по договору с организацией-держателем ресурса
Language:English
Published: 2012
Subjects:
Online Access:http://dx.doi.org/10.1109/IFOST.2012.6357521
Format: MixedMaterials Electronic Book Chapter
KOHA link:https://koha.lib.tpu.ru/cgi-bin/koha/opac-detail.pl?biblionumber=644327

MARC

LEADER 00000nla2a2200000 4500
001 644327
005 20240401154830.0
035 |a (RuTPU)RU\TPU\network\9392 
090 |a 644327 
100 |a 20151111d2012 k y0engy50 ba 
101 0 |a eng 
105 |a y z 100zy 
135 |a arnn ---uucaa 
181 0 |a i  
182 0 |a b 
200 1 |a Heavy metals in the air and their adverse effects on human being health  |f N. A. Osipova [et al.] 
203 |a Text  |c electronic 
300 |a Title screen 
330 |a Spatial distribution analysis of environmental health risk in the Tomsk area was performed. Risk estimation was done according to standard methodology on the basis of geochemical data from the snow cover of the area. The city territory was divided into areas with different levels of ecological damage and human health risk values. The city territory was ranked in accordance to risk level from exposure of trace elements contained in atmospheric dust 
333 |a Режим доступа: по договору с организацией-держателем ресурса 
463 0 |0 (RuTPU)RU\TPU\network\10411  |t The 7th International Forum on Strategic Technology (IFOST-2012), September 18-21, 2012, Tomsk  |o [proceedings]  |f National Research Tomsk Polytechnic University (TPU)  |v [4 p.]  |d 2012 
610 1 |a труды учёных ТПУ 
701 1 |a Osipova  |b N. A.  |c geochemist and geoecologist  |c Associate Professor of Tomsk Polytechnic University, Candidate of chemical sciences  |f 1958-  |g Nina Aleksandrovna  |3 (RuTPU)RU\TPU\pers\30947  |9 15185 
701 1 |a Yankovich  |b E. P.  |c Geologist  |c Senior Lecturer of Tomsk Polytechnic University  |f 1967-  |g Elena Petrovna  |3 (RuTPU)RU\TPU\pers\32215  |9 16215 
701 1 |a Yazikov  |b Y. G.  |c Doctor of geological and mineralogical sciences  |c Professor of Tomsk Polytechnic University  |f 1955  |g Yegor (Egor) Grigoryevich  |3 (RuTPU)RU\TPU\pers\30395  |9 14738 
701 1 |a Talovskaya  |b A. V.  |c geochemist  |c Professor of Tomsk Polytechnic University, Doctor of Geological and Mineralogical Sciences  |f 1983-  |g Anna Valerievna  |x TPU  |y Tomsk  |3 (RuTPU)RU\TPU\pers\30806  |9 15062 
801 1 |a RU  |b 63413507  |c 20130131 
801 2 |a RU  |b 63413507  |c 20151216  |g RCR 
856 4 0 |u http://dx.doi.org/10.1109/IFOST.2012.6357521 
942 |c CF